banner koha

Doses alométricas de cloridrato de detomidina para uso na contenção farmacológica de mamíferos selvagens placentários não xenartros, isoladamente ou em associação a outros fármacos sedativos ou anestésicos (Registro n. 215954)

MARC details
000 -LÍDER
campo de controle de tamanho fixo 01353nas a2200337 4500
001 - NÚMERO DE CONTROLE
campo de controle BR2011008097
003 - IDENTIFICADOR DO NÚMERO DE CONTROLE
campo de controle BR-BrBNA
005 - DATA E HORÁRIO DA ÚLTIMA TRANSAÇÃO
campo de controle 20231205115834.0
007 - CAMPO FIXO DE DESCRIÇÃO FÍSICA--INFORMAÇÃO GERAL
campo de controle de tamanho fixo ta
008 - CAMPO DE DADOS FIXOS--INFORMAÇÃO GERAL
campo de controle de tamanho fixo 230509b bl.|||p| |||| 00| 00por d
040 ## - FONTE DA CATALOGAÇÃO
Instituição da catalogação original BR-BrBNA
Idioma da catalogação por
Instituição que transcreveu o registro Biblioteca Nacional de Agricultura
041 ## - CÓDIGO DE IDIOMA
Código do idioma do texto/trilha sonora ou título diferente (Pt)
072 ## - CÓDIGO DE CATEGORIA DE ASSUNTO
Código de Categoria de Assunto L70
100 1# - ENTRADA PRINCIPAL--NOME PESSOAL
Nome pessoal Pachaly, J.R.
100 1# - ENTRADA PRINCIPAL--NOME PESSOAL
Nome pessoal Alberton, L.R.
100 1# - ENTRADA PRINCIPAL--NOME PESSOAL
Nome pessoal Voltarelli-Pachaly, E.M.
100 1# - ENTRADA PRINCIPAL--NOME PESSOAL
Nome pessoal Belettini, S.T.
100 1# - ENTRADA PRINCIPAL--NOME PESSOAL
Nome pessoal Monteiro-Filho, L.P.C.
100 1# - ENTRADA PRINCIPAL--NOME PESSOAL
Nome pessoal Carneiro, M.R.
245 1# - TÍTULO
Título Doses alométricas de cloridrato de detomidina para uso na contenção farmacológica de mamíferos selvagens placentários não xenartros, isoladamente ou em associação a outros fármacos sedativos ou anestésicos
246 1# - FORMA VARIANTE DO TÍTULO
Título/título abreviado Allometrically scaled dosages of detomidine HCI for chemical restraint of wild non-xenarthran placental mammals, alone or in combination to sedative or anesthesic drugs
650 ## - ASSUNTO--TERMO TÓPICO
Cabeçalho tópico ou nome geográfico MACACO
650 ## - ASSUNTO--TERMO TÓPICO
Cabeçalho tópico ou nome geográfico ANIMAL SELVAGEM
650 ## - ASSUNTO--TERMO TÓPICO
Cabeçalho tópico ou nome geográfico ANESTESIA
650 ## - ASSUNTO--TERMO TÓPICO
Cabeçalho tópico ou nome geográfico MEDICAMENTO
650 ## - ASSUNTO--TERMO TÓPICO
Cabeçalho tópico ou nome geográfico CIRURGIA
650 ## - ASSUNTO--TERMO TÓPICO
Cabeçalho tópico ou nome geográfico VETERINÁRIA
773 0# - ENTRADA ANALÍTICA
Título MEDVEP. Revista Científica de Medicina Veterinária. Pequenos Animais e Animais de Estimação (Brazil)
ISSN - International Standard Serial Number ISSN 1678-1430
Partes relacionadas (Aug-Oct 2011), v. 9(30) p. 462-469
Número de controle do registro BR2011008097
909 ## -
-- 202311
-- Lúcia
-- 55
-- Lúcia Elande
942 ## - ELEMENTOS DE ENTRADA ADICIONADOS (KOHA)
Fonte da classificação ou esquema de arquivamento na estante Classificação AGRIS
Ocultar no OPAC Não
Tipo de material Koha Analítica
Exemplares
Situação do descarte Fonte da classificação ou esquema de arquivamento na estante Situação física Não pode ser emprestado Biblioteca de origem Biblioteca atual Localização na estante Enumeração do periódico / cronologia Total de empréstimos Data de último acesso Número do exemplar Tipo de material Koha Fonte de aquisição
  Classificação AGRIS   Consulta local Biblioteca Nacional de Agricultura - Binagri Biblioteca Nacional de Agricultura - Binagri   (Aug-Oct 2011), v. 9(30) p. 462-469   29/11/2023 01 Periódicos Portaria Interministerial nº 164/94

BINAGRI

Telefone: (61)3218-2567/2388/3357/2097 - binagri@agro.gov.br

Ministério da Agricultura e Pecuária , Esplanada dos Ministérios, Bloco D, Anexo B, Brasília/DF, CEP: 70.043-900